[Event "Doroshkevich Memorial op"]
[Site "Belorechensk"]
[Date "2007.06.04"]
[Round "7"]
[White "Ganigev, Maksim"]
[Black "Bondarev, Boris"]
[Result "1-0"]
[WhiteElo "1789"]
[BlackElo "2100"]
[PlyCount "45"]
[EventDate "2007.05.29"]
[EventType "swiss"]
[EventRounds "9"]
[EventCountry "RUS"]
[SourceTitle "EXT 2008"]
[Source "ChessBase"]
[SourceDate "2007.11.25"]
[SourceVersion "1"]
[SourceVersionDate "2007.11.25"]
[SourceQuality "1"]

1. e4 e6 2. Nc3 c5 3. Nf3 d5 4. exd5 exd5 5. d4 Nf6 6. Bb5+ Bd7 7. 0-0 a6 8. Bxd7+ Nbxd7 9. Bg5 Be7 10. Re1 0-0 11. dxc5 Nxc5 12. Nxd5 Nxd5 13. Bxe7 Nxe7 14. Qxd8 Raxd8 15. Rxe7 b5 16. h3 Na4 17. b3 Nc3 18. a4 b4 19. Rae1 Nd5 20. Rb7 Rb8 21. Rd7 Nf6 22. Ra7 Rb6 23. Ree7 1-0